Report Of The Committee On Youth And Sports On The Consideration Of The Save Ghana Sports Petition And Statements On The Participation Of The Black Stars In The 2023 Africa Cup Of Nations [AFCON] Tournament In Cote D'Ivoire (Record no. 5089)
[ view plain ]
| 000 -LEADER | |
|---|---|
| fixed length control field | 00673nam a22001697a 4500 |
| 003 - CONTROL NUMBER IDENTIFIER | |
| control field | OSt |
| 005 - DATE AND TIME OF LATEST TRANSACTION | |
| control field | 20250211144523.0 |
| 008 - FIXED-LENGTH DATA ELEMENTS--GENERAL INFORMATION | |
| fixed length control field | 250211b |||||||| |||| 00| 0 eng d |
| 041 ## - LANGUAGE CODE | |
| Language code of text/sound track or separate title | English |
| 082 ## - DEWEY DECIMAL CLASSIFICATION NUMBER | |
| Classification number | CR/AFCON/24 Acc. No.10861 |
| 110 ## - MAIN ENTRY--CORPORATE NAME | |
| Corporate name or jurisdiction name as entry element | Committee On Youth And Sports |
| 245 ## - TITLE STATEMENT | |
| Title | Report Of The Committee On Youth And Sports On The Consideration Of The Save Ghana Sports Petition And Statements On The Participation Of The Black Stars In The 2023 Africa Cup Of Nations [AFCON] Tournament In Cote D'Ivoire |
| 260 ## - PUBLICATION, DISTRIBUTION, ETC. | |
| Place of publication, distribution, etc. | Accra |
| Name of publisher, distributor, etc. | Parliament Of Ghana |
| 300 ## - PHYSICAL DESCRIPTION | |
| Extent | 36P |
| 650 ## - SUBJECT ADDED ENTRY--TOPICAL TERM | |
| Source of heading or term | 2023 Africa Cup Of Nations [AFCON] Tournament In Cote D'Ivoire |
| 942 ## - ADDED ENTRY ELEMENTS (KOHA) | |
| Source of classification or shelving scheme | Dewey Decimal Classification |
| Koha item type | Committee Reports |
| Suppress in OPAC | No |
| Withdrawn status | Lost status | Source of classification or shelving scheme | Damaged status | Not for loan | Home library | Current library | Shelving location | Date acquired | Total checkouts | Full call number | Date last seen | Copy number | Price effective from | Koha item type |
|---|---|---|---|---|---|---|---|---|---|---|---|---|---|---|
| Dewey Decimal Classification | Main Library | Main Library | Open Shelves | 11/02/2025 | CR/AFCON/24 Acc. No.10861 | 11/02/2025 | 1 | 11/02/2025 | Committee Reports |